| 000 | 02154nam a22003617a 4500 | ||
|---|---|---|---|
| 999 |
_c21835 _d21835 |
||
| 003 | AR-CdUCM | ||
| 008 | 190425b ||||| |||| 00| 0 spa d | ||
| 040 |
_aMUNICIPALIDAD PROVINCIAL DEL CUSCO _cBIBLIOTECA MUNICIPAL DEL CUSCO |
||
| 082 | _aRev.Andi/N°10/1987 | ||
| 110 |
_aCentro Bartolomé de Las Casas _93293 |
||
| 245 |
_aRevista andina / _cCentro de estudios rurales andinos Bartolomé de Las Casas Cusco |
||
| 260 |
_aCusco : _bCentro Bartolomé de Las Casas, _c1987. |
||
| 300 |
_a329-626 páginas. : _bilustraciones ; _c23 cm. |
||
| 440 |
_aPublicación Semestral del Centro Bartolomé de Las Casas Cusco. _nAño 5, Número 10, N°2, Segundo semestre 1987. _946329 |
||
| 505 | _aContenido: Lenguas y pueblos altiplánicos en torno al siglo XVI. Alfredo Torero. -- Estrategias políticas y económicas de las etnias locales del Valle del Chillón durante el período prehispánico. Tom D. Dillehay. -- Tradición y cambio en las sociedades formativas de Bagua, Amazonas, Perú. Ruth Shady Solís. -- Un análisis de los tejidos en los atados rituales de los pastores. Elayne Zorn. -- Una biblioteca cusqueña confiscada por la Inquisición el proceso al doctor Agustín Valenciano de Quiñones, hereje reconciliado 1574-1595. Teodoro Hampe Martínez. -- El estudio económico del cambio técnico en la agricultura andina a propósito de dos libros de Figueroa y Cotlear. Bruno Kervyn. -- Crónicas, papeles y autores publicaciones y estudios recientes de los siglos XVI, XVII y XVIII. Henrique Urbano. | ||
| 650 |
_aComunidades campesinas _92214 |
||
| 650 |
_aEconomía campesina _92215 |
||
| 650 |
_aCultura andina _946295 |
||
| 650 |
_aLenguas indígenas _946330 |
||
| 650 |
_aTextilería andina _98669 |
||
| 650 |
_aTejidos andinos _946331 |
||
| 650 |
_aAgricultura andina _919072 |
||
| 650 |
_aSanta Inquisición _912902 |
||
| 700 |
_aTorero, Alfredo _92062 |
||
| 700 |
_aDillehay, Tom D. _946332 |
||
| 700 |
_aShady Solís, Ruth _946333 |
||
| 700 |
_aZorn, Elayne _946334 |
||
| 700 |
_aHampe Martínez, Teodoro _93129 |
||
| 700 |
_aKervyn, Bruno _97289 |
||
| 700 |
_aUrbano, Henrique _92078 |
||
| 942 |
_2ddc _cPP |
||
| 945 | _arac | ||